Sol kendini anlatıyor (Record no. 4537)

MARC details
000 -BAŞLIK
Sabit Uzunlukta Kontrol Alanı 00624na a2200229 4500
001 - KONTROL NUMARASI
Denetim Alanı 17094
003 - KONTROL NUMARASI IDENTIFIER
Denetim Alanı MIRAKIL
005 - SON İŞLEM TARİHİ VE ZAMANI
Denetim Alanı 20181213155009.0
008 - SABİT-BOY VERİ ELEMANLARI - GENEL BİLGİLER
Sabit Uzunlukta Kontrol Alanı 161022b tu 000 0
040 ## - KATALOGLAMA KAYNAK
Orijinal Kataloglama Ajansı Milas
Kataloglama Dili tur
Metne Dönüştürmek Ajansı TR-AnCHP
041 ## - DİL KODU
Metin / Ses Parça Veya Ayrı Başlığın Dil Kodu tur
082 ## - DEWEY ONLU SINIFLANDIRMA NUMARASI
Sınıflandırma Numarası 320.956
Ürün Numarası B33s 1977
090 ## - SINIFLAMA NUMARASI
Sınıflama Numarası 320.956 B33s 1977
100 ## - ANA GİRİŞ - KİŞİSEL İSİM
Kişisel Ad Behram, Nihat
245 ## - BAŞLIK TABLOSU
Başlık Sol kendini anlatıyor
Sorumluluk Tablosu, Vb Nihat Behram
260 ## - YAYIN, DAĞITIM, VB
Yayın, Dağıtım, Vb Yeri İstanbul
Yayıncı, Dağıtıcı, Vs Adı May yayınları
Yayın, Dağıtım, Vb Tarihi 1977
300 ## - FİZİKSEL TANIM
Kapsam 335 s.
Boyutlar 20 sm.
440 ## - SERİSİ TABLOSU / KATMA GİRİŞİ - BAŞLIK
Başlık Bilim-Belge-İnceleme
Hacim / Ardışık Tanımı 67
650 ## - KONU KATMA GİRİŞ - TOPİKAL DÖNEM
Topikal Süreli Veya Coğrafi Ad Giriş Elemanı Sol görüşler
Genel Alt Bölümü Derlemeler
Coğrafi Alt Bölümü Türkiye
651 ## - KONU KATMA GİRİŞ - COĞRAFİ ADI
Coğrafi İsim Türkiye
Genel Alt Bölümü Siyasal yaşam
942 ## - EKLENDİ GİRİŞ ELEMANLARI (KOHA)
Sınıflandırma Veya Raf Düzeni Kaynak Dewey Decimal Classification
Koha Öğesi Türü Books
999 ## - SİSTEM KONTROL NUMARALARI (KOHA)
Koha Biblionumber 4537
Koha Biblioitemnumber 4537
Holdings
Kalıcı Konum Mevcut Konum Edinme Tarihi Edinim Kaynak Toplam Check-Out'Lar Tam Çağrı Numarası Barkod Tarih Son Görülme İtibaren Geçerli Fiyatlar Koha Öğesi Türü
CHP Kütüphanesi CHP Kütüphanesi 10/22/2016 Bağış   320.956 B33s 1977 007020 10/22/2016 10/22/2016 Books